Southville International School and Colleges
Your cart is empty.
  • Cart
  • Lists
    Public lists Eva Luna New books Lux_list list_1
    Your lists Log in to create your own lists
  • Log in to your account
  • Your cookies
  • Search history
Southville International School and Colleges
  • Advanced search
  • Recent comments
  • Most popular
  • Libraries

Log in to your account

Log in with GOOGLE


If you do not have an external account, but do have a local account, you can still log in:

  1. Home
  2. MARC view: Literary terms :
Normal view MARC view ISBD view

Literary terms : (Record no. 2238)

[ view plain ]
MARC details
000 -LEADER
fixed length control field 00596nam a22002297a 4500
003 - CONTROL NUMBER IDENTIFIER
control field OSt
005 - DATE AND TIME OF LATEST TRANSACTION
control field 20151028171754.0
008 - FIXED-LENGTH DATA ELEMENTS--GENERAL INFORMATION
fixed length control field 130308t xxu||||| |||| 00| 0 eng d
020 ## - INTERNATIONAL STANDARD BOOK NUMBER
International Standard Book Number 9781875136216
050 ## - LIBRARY OF CONGRESS CALL NUMBER
Classification number PN 44.5
Item number .M57 2007
082 ## - DEWEY DECIMAL CLASSIFICATION NUMBER
Classification number IB 801.95014
Item number M77 2007
100 ## - MAIN ENTRY--PERSONAL NAME
Personal name Moon, Brian
245 ## - TITLE STATEMENT
Title Literary terms :
Remainder of title a practical glossary /
Statement of responsibility, etc Moon, Brian
250 ## - EDITION STATEMENT
Edition statement Revised and exoanded edition
260 ## - PUBLICATION, DISTRIBUTION, ETC. (IMPRINT)
Place of publication, distribution, etc Australia
Name of publisher, distributor, etc CHALKFACE
Date of publication, distribution, etc 2007
300 ## - PHYSICAL DESCRIPTION
Extent 176 p.
Dimensions 24 cm
Other physical details ill.;
526 ## - STUDY PROGRAM INFORMATION NOTE
Reading level 1210L 1700L
562 ## - COPY AND VERSION IDENTIFICATION NOTE
Number of copies 2
942 ## - ADDED ENTRY ELEMENTS (KOHA)
Source of classification or shelving scheme Library of Congress Classification
Koha item type Books
Holdings
Withdrawn status Lost status Source of classification or shelving scheme Damaged status Home library Current library Shelving location Date acquired Total Checkouts Full call number Barcode Date last seen Date checked out Copy number Price effective from Koha item type Source of acquisition Total Renewals
    Library of Congress Classification   Luxembourg Library Luxembourg Library International Baccalaureate Section 03/08/2013 1 PN 44.5 .M57 2007 16044 05/05/2015 04/16/2015 1 03/08/2013 Books    
    Library of Congress Classification   Luxembourg Library Luxembourg Library International Baccalaureate Section 06/24/2013 3 PN 44.5 .M57 2007 16045 06/21/2019 05/30/2015 2 06/24/2013 Books Donation 12

Literary terms :

APA

Moon B., . (2007). Literary terms. Australia: CHALKFACE.

Chicago

Moon Brian, . 2007. Literary terms. Australia: CHALKFACE.

Harvard

Moon B., . (2007). Literary terms. Australia: CHALKFACE.

MLA

Moon Brian, . Literary terms. Australia: CHALKFACE. 2007.

  • Place hold
  • Print
  • Cite
  • Add to your cart (remove)
  • Save record
    BIBTEX Dublin Core MARCXML MARC (non-Unicode/MARC-8) MARC (Unicode/UTF-8) MARC (Unicode/UTF-8, Standard) MODS (XML) RIS
  • More searches
    Search for this title in:
    Other Libraries (WorldCat) Other Databases (Google Scholar) Online Stores (Bookfinder.com) Open Library (openlibrary.org)

Exporting to Dublin Core...

SOUTHVILLE LIBRARY

Southville International School and Colleges Library

1281 Tropical Ave. Cor. Luxembourg St., BF Homes International, Las Pinas City

Tel. No. 8256374 / 252358 Loc. 117/146

Powered by Koha